000 00700nam a2200265Ia 4500
005 20260302114103.0
008 008 260114s9999 xx 000 0 eng d
020 _a9781350414204
037 _aTextbook
040 _aCRL
040 _beng
040 _cCRL
041 _2eng
041 _aeng
084 _qCRL
100 _aMelvin Chen
_91117719
245 0 _aPhilosophy and Art in Southeast Asia A Novel Approach to Aesthetics
260 _bBloomsbury
260 _bBloomsbury Academic
260 _c2024
650 _aPhilosophy
856 _uhttps://doi.org/10.5040/9781350414204?locatt=label:secondary_bloomsburyCollections
942 _cEBOOK
999 _c1681295
_d1681295